[Event "Lions Cup Helsinki"]
[Site "SchemingMind.com"]
[Date "2015.01.16"]
[Round "-"]
[White "ray winteringham"]
[Black "Chessibelle"]
[Result "0-1"]
[WhiteCountry "ENG"]
[BlackCountry "ENG"]
[WhiteElo "1478"]
[WhiteRD "50"]
[BlackElo "1238"]
[BlackRD "57"]
[GameID "373302"]

1. e4 e5 2. Nf3 Nc6 3. Bc4 h6 4. O-O Nf6 5. d3 d6 6. h3 Be7 7. Be3 b6 8. Nbd2 Bd7 9. a3 O-O 10. b4 Nh5
11. Nxe5 Nxe5 12. Qxh5 Bf6 13. d4 Nxc4 14. Nxc4 Qe7 15. Nd2 Rac8 16. Qe2 Bh4 17. f3 Qf6 18. f4 Qe6 19. f5 Qf6 20. Nf3 Bg3
21. Bf2 Bf4 22. Bh4 g5 23. Bf2 Qh8 24. Qd3 h5 25. Be3 f6 26. Bxf4 gxf4 27. Nh4 c6 28. Ng6 Qh6 29. Rxf4 Rf7 30. Qg3 Rg7
31. Qh4 Kf7 32. Raf1 Rh7 33. R1f2 Qg7 34. R4f3 b5 35. Rg3 Qh6 36. Nf4 Qf8 37. Rg6 Qe7 38. Nxh5 Rch8 39. Rxf6+ Ke8 40. g4 Qxe4
41. Kf1 Qh1+ 42. Ke2 Qe4+ 43. Kd1 Qxd4+ 44. Rd2 Qa1+ 45. Ke2 Re7+ 46. Kf2 Qe1+ 47. Kf3 Qxh4 48. Rfxd6 Qxh3+ 49. Ng3 Rhh7 50. Kf4 Rhg7
51. g5 Qh4+ 52. Kf3 Qxg5 53. Rg2 Qg4+ 54. Kf2 Qf4+ 55. Kg1 Re1+ 56. Kh2 Qh4#
0-1

[Event "Lions Cup Helsinki"]
[Site "SchemingMind.com"]
[Date "2015.01.18"]
[Round "-"]
[White "ray winteringham"]
[Black "andrew.ritzmann"]
[Result "1-0"]
[WhiteCountry "ENG"]
[BlackCountry "USA"]
[WhiteElo "1486"]
[WhiteRD "52"]
[BlackElo "1274"]
[BlackRD "115"]
[GameID "373331"]

1. e4 c6 2. Nf3 d5 3. exd5 cxd5 4. d4 Nc6 5. h3 Nf6 6. Be2 e5 7. dxe5 Nxe5 8. Nxe5 Bb4+ 9. c3 Bc5 10. Qa4+ Nd7
11. Qf4 O-O 12. Nxd7 Bxd7 13. O-O Re8 14. Bf3 Bb5 15. Rd1 Bc6 16. b4 Bd6 17. Qd2 Qc7 18. Bxd5 Bh2+ 19. Kh1 Ba4 20. Re1 Rxe1+
21. Qxe1 Re8 22. Qd2 Bf4 23. Qxf4 Qxf4 24. Bxf4 Re1+ 25. Kh2 Bc2 26. Bxb7 Be4 27. Bxe4 Rxe4 28. Be3 Rc4 29. Bd4 g5 30. Nd2 Rc6
31. Re1 f6 32. Ne4 Re6 33. Bxf6 Kf7 34. Bxg5 Kg6 35. Bd2 Kg7 36. a4 Rb6 37. a5
1-0

[Event "Lions Cup Helsinki"]
[Site "SchemingMind.com"]
[Date "2015.01.18"]
[Round "-"]
[White "Chessibelle"]
[Black "andrew.ritzmann"]
[Result "1-0"]
[WhiteCountry "ENG"]
[BlackCountry "USA"]
[WhiteElo "1198"]
[WhiteRD "57"]
[BlackElo "1274"]
[BlackRD "115"]
[GameID "373332"]

1. Nf3 Nf6 2. d4 g6 3. Nc3 d5 4. e3 Bg7 5. Bd2 O-O 6. Bd3 Bf5 7. Be2 Nc6 8. O-O Nb4 9. a3 Nxc2 10. Ra2 c6
11. Ne5 Qd6 12. Nf3 Ng4 13. g3 e6 14. b3 Nf6 15. Nh4 Bh3 16. Ng2 Nb4 17. axb4 Qxb4 18. Nb1 Qd6 19. Bf3 e5 20. Re1 e4
21. Be2 Qe6 22. Nf4 Qf5 23. Nc3 h5 24. Ng2 Ng4 25. Rf1 b5 26. Ra6 Rfc8 27. Na2 Bh6 28. Nb4 Bxe3 29. fxe3 Qg5 30. Nxc6 Nf6
31. Ne7+ Kg7 32. Nxc8 Rxc8 33. Bxb5 Rc7 34. Nf4 Ng4 35. Nxh3 Nxe3 36. Bxe3 Qxe3+ 37. Nf2 Rc1 38. Qxc1 Qxc1 39. Rxc1 e3 40. Nd3
1-0

[Event "Lions Cup Helsinki"]
[Site "SchemingMind.com"]
[Date "2015.01.21"]
[Round "-"]
[White "Chessibelle"]
[Black "Goz"]
[Result "0-1"]
[WhiteCountry "ENG"]
[BlackCountry "ENG"]
[WhiteElo "1199"]
[WhiteRD "57"]
[BlackElo "1592"]
[BlackRD "62"]
[GameID "373475"]

1. Nf3 d5 2. d4 e6 3. e3 Bb4+ 4. Bd2 Qe7 5. Bd3 Nf6 6. c3 Ba5 7. b4 Bb6 8. a3 a5 9. Ne5 c6 10. c4 dxc4
11. Nxc4 Bc7 12. g3 O-O 13. Nc3 b5 14. Ne5 axb4 15. Ne2 bxa3 16. O-O b4 17. Nc1 Bb7 18. Qb3 Bxe5 19. dxe5 Nd5 20. Qc4 c5
21. Nb3 Nd7 22. Qg4 f5 23. Qf3 a2 24. e4 N5b6 25. Qh5 g6 26. Qh6 Nxe5 27. Bg5 Qc7 28. Nc1 c4 29. Bc2 Ng4 30. Qh4 Qe5
31. Ne2 b3 32. Bf4 Qb2 33. Rfc1 bxc2 34. Qe7 Bxe4 35. h3 Bd5 36. hxg4 fxg4 37. Qd6 c3 38. Bh6 Rf7 39. Nd4 Nc4 40. Qc5 Na3
41. Ne2 Rf3 42. Qd4 Qb7 43. Nxc3 Rxc3 44. Kf1 Rf3 45. Ke1 Qf7 46. Ke2 Bc4+ 47. Kd2 Rxf2+ 48. Kc3 Rf3+ 49. Be3 Rxg3 50. Qe4 Rb8
51. Qe5 Rb3+ 52. Kd4 Rbxe3 53. Qb8+ Kg7 54. Qa8 Rd3+ 55. Ke4 Rge3#
0-1

[Event "Lions Cup Helsinki"]
[Site "SchemingMind.com"]
[Date "2015.01.21"]
[Round "-"]
[White "Goz"]
[Black "ray winteringham"]
[Result "1-0"]
[WhiteCountry "ENG"]
[BlackCountry "ENG"]
[WhiteElo "1596"]
[WhiteRD "67"]
[BlackElo "1486"]
[BlackRD "52"]
[GameID "373476"]

1. d4 d5 2. e3 Bf5 3. Bd3 Bxd3 4. Qxd3 e6 5. c3 c6 6. Nf3 g6 7. O-O Bg7 8. b4 Nf6 9. a4 Nbd7 10. Nbd2 O-O
11. Nb3 Qc7 12. Bd2 a6 13. a5 b5 14. h3 Ne4 15. Be1 Rae8 16. Nfd2 Ndf6 17. f4 h5 18. Bh4 Nd7 19. Nxe4 dxe4 20. Qe2 f5
21. Bg5 Bf6 22. Bxf6 Nxf6 23. Nc5 Qb7 24. Nxb7
1-0

[Event "Lions Cup Helsinki"]
[Site "SchemingMind.com"]
[Date "2015.01.21"]
[Round "-"]
[White "andrew.ritzmann"]
[Black "Goz"]
[Result "0-1"]
[WhiteCountry "USA"]
[BlackCountry "ENG"]
[WhiteElo "1204"]
[WhiteRD "103"]
[BlackElo "1592"]
[BlackRD "62"]
[GameID "373477"]

1. d4 d5 2. c4 e6 3. Nc3 Bb4 4. Nf3 Bxc3+ 5. bxc3 Ne7 6. e3 O-O 7. c5 c6 8. Bd3 b5 9. O-O a5 10. e4 Nd7
11. exd5 exd5 12. Bg5 f6 13. Bf4 Rf7 14. Bd6 Nf8 15. Re1 Be6 16. Bxe7 Rxe7 17. h3 a4 18. a3 Qd7 19. Bb1 Rae8 20. Qd3 g6
21. Qd2 Bf7 22. Bd3 Kg7 23. Rab1 h6 24. g4 Nh7 25. Qc1 Ng5 26. Nxg5 hxg5 27. f4 Rxe1+ 28. Qxe1 Rxe1+ 29. Rxe1 gxf4 30. Be2 g5
31. Kg2 Qe8 32. Kf3 Qe4+ 33. Kf2 Qe3+ 34. Kf1 Qxh3+ 35. Kg1 Qxc3 36. Rd1 Qxa3 37. Rd3 Qb2 38. Kf1 a3 39. Rd1 a2
0-1

[Event "Lions Cup Helsinki"]
[Site "SchemingMind.com"]
[Date "2015.01.28"]
[Round "-"]
[White "Goz"]
[Black "Phillip Beckett"]
[Result "0-1"]
[WhiteCountry "ENG"]
[BlackCountry "ENG"]
[WhiteElo "1592"]
[WhiteRD "62"]
[BlackElo "1566"]
[BlackRD "46"]
[GameID "373669"]

1. d4 d5 2. e3 e6 3. Nf3 c5 4. c3 Nc6 5. Be2 cxd4 6. cxd4 Qb6 7. O-O Nf6 8. a3 Bd7 9. b4 Rc8 10. Nc3 Nxb4
11. axb4 Qxb4 12. Bd2 Qb6 13. Rb1 Qc7 14. Bb5 a6 15. Bxd7+ Nxd7 16. Rb3 Be7 17. Qa1 O-O 18. Rfb1 Rb8 19. Ne2 Qc6 20. R1b2 b5
21. g3 Ra8 22. Qb1 Nb6 23. Rc2 Qb7 24. Ne5 Nc4 25. Nxc4 dxc4 26. Rxc4 Qf3 27. Rc7 Qxe2 28. Bc3 Bd6 29. Rd7 Rfd8 30. Rxd8+ Rxd8
31. Ba5 Rc8 32. Bb6 Rc2 33. Qf1 Qxf1+ 34. Kxf1 Ra2 35. Rc3 g6 36. Bc5 Bf8 37. f4 Bxc5 38. dxc5 b4 39. Rc1 b3 40. Rb1 b2
41. Kf2 Ra5 42. Rxb2 Rxc5 43. e4 Ra5 44. Kf3 Ra3+ 45. Kg4 Kg7 46. h4 a5 47. Rb6 Ra1 48. Ra6 a4 49. h5 gxh5+ 50. Kxh5 a3
51. Kg4 a2 52. e5 h5+ 53. Kxh5 Rh1+ 54. Kg4 a1=Q 55. Rxa1 Rxa1 56. Kg5 Ra3 57. g4 Ra5 58. Kh4 Kg6 59. Kg3 f5 60. Kh4 fxg4
61. Kxg4 Ra1 62. Kf3 Kf5 63. Ke3 Ra4
0-1

[Event "Lions Cup Helsinki"]
[Site "SchemingMind.com"]
[Date "2015.01.24"]
[Round "-"]
[White "Phillip Beckett"]
[Black "ray winteringham"]
[Result "0-1"]
[WhiteCountry "ENG"]
[BlackCountry "ENG"]
[WhiteElo "1541"]
[WhiteRD "49"]
[BlackElo "1486"]
[BlackRD "52"]
[GameID "373670"]

1. e4 c5 2. Nf3 Nc6 3. d4 cxd4 4. Nxd4 Nxd4 5. Qxd4 f6 6. Bc4 e6 7. Nc3 b6 8. O-O Bc5 9. Qd1 Ne7 10. Bf4 O-O
11. Bd6 Bb7 12. Bxc5 bxc5 13. f3 a6 14. Qe2 Qb6 15. Na4 Qc7 16. Nc3 Ng6 17. Rad1 Nf4 18. Qf2 Kh8 19. Na4 d5 20. exd5 exd5
21. Be2 Rae8 22. Bd3 g5 23. Qxc5 Qd7 24. Nb6 Qf7 25. Bf5 Re7 26. g3 Ne6 27. Bxe6 Rxe6 28. Nxd5 Rc6 29. Qe7 Rxc2 30. Qxf7 Rxf7
31. Nb4 Rxb2 32. Nd5 Bxd5 33. Rxd5 Rxa2 34. Rd8+ Kg7 35. Ra8 Re7 36. Rf2 Ra3 37. Rb2 Kg6 38. Kg2 Ree3 39. Rf2 h6 40. Rg8+ Kf7
41. Rh8 Kg7 42. Ra8 a5 43. Ra7+ Kg6 44. Ra8 Rec3 45. Rg8+ Kh7 46. Rf8 Kg7 47. Rb8 a4 48. Rb7+ Kg6 49. Rb8 Rab3 50. Ra8 a3
51. Rg8+ Kf7 52. Ra8 h5 53. Ra7+ Kg6 54. Ra8 Rb2 55. Rxb2 axb2 56. Rb8 Rc2+ 57. Kh3 Kf5 58. Rb5+ Ke6 59. Rb6+ Kd5 60. Rb5+ Kc4
61. Rb8 Kc3 62. g4 h4 63. Rc8+ Kd2 64. Rd8+ Kc1
0-1

[Event "Lions Cup Helsinki"]
[Site "SchemingMind.com"]
[Date "2015.01.24"]
[Round "-"]
[White "Phillip Beckett"]
[Black "Chessibelle"]
[Result "1-0"]
[WhiteCountry "ENG"]
[BlackCountry "ENG"]
[WhiteElo "1527"]
[WhiteRD "49"]
[BlackElo "1238"]
[BlackRD "57"]
[GameID "373671"]

1. e4 e5 2. Nf3 Nc6 3. Bb5 Qf6 4. d3 g6 5. O-O Nge7 6. Nc3 Bg7 7. Be3 b6 8. Qd2 d6 9. h3 Bd7 10. Bc4 h6
11. Nd5 Qe6 12. Nxc7+
1-0

[Event "Lions Cup Helsinki"]
[Site "SchemingMind.com"]
[Date "2015.01.24"]
[Round "-"]
[White "Phillip Beckett"]
[Black "andrew.ritzmann"]
[Result "1-0"]
[WhiteCountry "ENG"]
[BlackCountry "USA"]
[WhiteElo "1566"]
[WhiteRD "46"]
[BlackElo "1204"]
[BlackRD "103"]
[GameID "373672"]

1. e4 e6 2. d4 d5 3. Nd2 c5 4. exd5 exd5 5. Bb5+ Nc6 6. Qe2+ Be7 7. dxc5 Bd7 8. Ngf3 Nf6 9. Nb3 O-O 10. O-O Re8
11. Be3 Qc7 12. Qd2 Ng4 13. Bg5 Bxg5 14. Qxg5 Re2 15. h3 Nge5 16. Nxe5 Nxe5 17. Bxd7 Qxd7 18. Rae1 Rxe1 19. Rxe1 h6 20. Qxe5 Qc6
21. Qd4 b6 22. cxb6 axb6 23. a3 Re8 24. Rxe8+ Qxe8 25. g3 Qe1+ 26. Kg2 Qb1 27. Qc3 Qd1 28. Qd3 Qh5 29. c3 Qe5 30. Qd4 Qxd4
31. Nxd4 g5 32. Nf5 Kh7 33. Ne7 f6 34. Nxd5 b5 35. Nxf6+ Kg6 36. Nd5
1-0

[Event "Lions Cup Helsinki"]
[Site "SchemingMind.com"]
[Date "2015.01.27"]
[Round "-"]
[White "Phillip Beckett"]
[Black "Beefmaster"]
[Result "1-0"]
[WhiteCountry "ENG"]
[BlackCountry "USA"]
[WhiteElo "1541"]
[WhiteRD "49"]
[BlackElo "1625"]
[BlackRD "107"]
[GameID "373765"]

1. e4 e5 2. Nf3 Bd6 3. Bc4 Nf6 4. d3 O-O 5. h3 Nc6 6. Bg5 Nd4 7. Nc3 Nxf3+ 8. Qxf3 h6 9. Bxf6 Qxf6 10. Qxf6 gxf6
11. Nd5 Kg7 12. g4 c6 13. Ne3 b5 14. Bb3 a5 15. Nf5+ Kh7 16. Nxd6 a4 17. Bxf7 Ba6 18. Bh5 Rab8 19. Nf5 d5 20. Ne7 Bb7
21. Bg6+ Kg7 22. Bf5 dxe4 23. Bxe4 Rfe8 24. Nf5+ Kf8 25. Nxh6 Re6 26. Nf5 Bc8 27. h4 c5 28. g5 Bb7 29. Bxb7 Rxb7 30. O-O-O Rh7
31. Nh6 fxg5 32. hxg5 Rg6 33. Rdf1 Rxg5 34. f4 exf4 35. Rxf4+ Kg7 36. Nf5+ Kg6 37. Rxh7 Kxh7 38. Ne3 b4 39. Rf5 Rxf5 40. Nxf5 Kg6
41. Nd6 Kf6 42. Nb7 c4 43. dxc4 Ke5 44. c5 Kd5 45. Kd2 Kc6 46. Kd3 Kxb7 47. Kc4 a3 48. b3 Kc6 49. Kxb4 Kd5 50. Kb5 Kd4
51. c6 Kc3 52. c7 Kb2 53. c8=Q Kxa2 54. Qa6 Kb2 55. c4 a2 56. c5 a1=Q 57. Qxa1+ Kxa1 58. c6
1-0

[Event "Lions Cup Helsinki"]
[Site "SchemingMind.com"]
[Date "2015.01.27"]
[Round "-"]
[White "Beefmaster"]
[Black "Goz"]
[Result "0-1"]
[WhiteCountry "USA"]
[BlackCountry "ENG"]
[WhiteElo "1659"]
[WhiteRD "83"]
[BlackElo "1592"]
[BlackRD "62"]
[GameID "373766"]

1. e4 e5 2. Nf3 d6 3. Bc4 c6 4. b3 b5 5. Bd3 Nf6 6. Nc3 a6 7. a4 b4 8. Ne2 Be6 9. Ng5 Bg4 10. O-O Nh5
11. Bc4 d5 12. exd5 cxd5 13. Bd3 Qxg5 14. Qe1 Bd6 15. c4 Bxe2 16. Bxe2 Nf4 17. Bf3 O-O 18. Bxd5 Nd7 19. Bxa8 Rxa8 20. Qe4 Rd8
21. d3 Nf6 22. Qb7 e4 23. Bxf4 Bxf4 24. dxe4 a5 25. g3 Bd2 26. Qb6 Nxe4 27. Rad1 h6 28. h4 Qe7 29. Qxa5 Rd3 30. Rb1 Nc3
31. Ra1 Ne2+ 32. Kg2 Qe4+ 33. f3 Nf4+ 34. gxf4 Qxf4 35. Qa8+ Kh7 36. Qe4+ Qxe4 37. fxe4 f6 38. h5 Rxb3 39. a5 Rc3 40. a6 Rxc4
41. Kf3 Rc8 42. a7 Ra8 43. Ke2 Bc3 44. Ra4 Kg8 45. Kd3 Kf7 46. Kc4 Ke6 47. Rd1 Ke5 48. Rd7 Kxe4 49. Rxg7 f5 50. Re7+ Kf4
51. Rh7 Kg5 52. Rf7 f4 53. Rg7+ Bxg7 54. Kb5 Bd4 55. Kc6 Rxa7 56. Rxb4 Bf6 57. Rb5+ Kg4 58. Kd6 Bg5 59. Ke6 Kxh5 60. Kf5 Rf7+
61. Ke4 Kg4 62. Rb1 Re7+ 63. Kd3 h5
0-1

[Event "Lions Cup Helsinki"]
[Site "SchemingMind.com"]
[Date "2015.01.27"]
[Round "-"]
[White "ray winteringham"]
[Black "Beefmaster"]
[Result "0-1"]
[WhiteCountry "ENG"]
[BlackCountry "USA"]
[WhiteElo "1486"]
[WhiteRD "52"]
[BlackElo "1625"]
[BlackRD "107"]
[GameID "373767"]

1. e4 e5 2. Nf3 Bd6 3. d3 Nf6 4. Bg5 O-O 5. Nc3 Qe8 6. Bxf6 gxf6 7. Qd2 Nc6 8. Be2 Ne7 9. Qh6 Ng6 10. Nd5 Qd8
11. Nh4 Nxh4 12. Nxf6+ Qxf6 13. Qxf6 Nxg2+ 14. Kd2 Nf4 15. Rhg1+ Ng6 16. Bh5 Bb4+ 17. c3 Bc5 18. Qxe5 Bd6 19. Qd4 Bxh2 20. Rg2 Bf4+
21. Kc2 d6 22. Rh1 Be6 23. Bxg6 fxg6 24. Rxg6+ hxg6 25. Rh8+ Kf7 26. Qg7+ Kxg7
0-1

[Event "Lions Cup Helsinki"]
[Site "SchemingMind.com"]
[Date "2015.01.27"]
[Round "-"]
[White "Chessibelle"]
[Black "Beefmaster"]
[Result "0-1"]
[WhiteCountry "ENG"]
[BlackCountry "USA"]
[WhiteElo "1238"]
[WhiteRD "57"]
[BlackElo "1693"]
[BlackRD "131"]
[GameID "373768"]

1. Nf3 d5 2. d4 Nf6 3. e3 Ne4 4. Qd3 e6 5. Be2 Bb4+ 6. c3 Bd6 7. g3 O-O 8. O-O Nd7 9. c4 c6 10. Bd1 b5
11. b3 Ba6 12. Bc2 bxc4 13. Qe2 Bb5 14. Nbd2 c3 15. Bd3 Nxd2 16. Nxd2 cxd2 17. Bxd2 Qb6 18. Rfd1 Qa6 19. Bc3 Bxd3 20. Rxd3 c5
21. Qg4 Qxd3 22. Rc1 cxd4 23. Bxd4 Be5 24. Rd1 Qxd1+ 25. Qxd1 Bxd4 26. Qxd4 Rfc8 27. Kg2 Rc2 28. Qa4 Ne5 29. Qa6 g6 30. a4 Ng4
31. Kf3 Nxh2+ 32. Kg2 Ng4 33. Kh3 Nxf2+ 34. Kh4 h6 35. Qb7 Rac8 36. Qxa7 R2c3 37. b4 R3c4+ 38. g4 Rxg4#
0-1

[Event "Lions Cup Helsinki"]
[Site "SchemingMind.com"]
[Date "2015.01.27"]
[Round "-"]
[White "Beefmaster"]
[Black "andrew.ritzmann"]
[Result "1-0"]
[WhiteCountry "USA"]
[BlackCountry "USA"]
[WhiteElo "1625"]
[WhiteRD "107"]
[BlackElo "1274"]
[BlackRD "115"]
[GameID "373769"]

1. e4 c6 2. Nf3 d5 3. Bd3 Bg4 4. O-O Nd7 5. exd5 cxd5 6. Nc3 Ngf6 7. Be2 e5 8. d3 Bb4 9. Bg5 Qb6 10. Bxf6 Nxf6
11. Nxe5 O-O 12. Nxg4 Rfe8 13. Nxf6+ gxf6 14. Nxd5 Qb5 15. Nxf6+ Kg7 16. Nxe8+ Rxe8 17. c4 Qh5 18. Bxh5 Re5 19. Qa4
1-0

[Event "Lions Cup Helsinki"]
[Site "SchemingMind.com"]
[Date "2015.01.27"]
[Round "-"]
[White "Clive Everill"]
[Black "Goz"]
[Result "1-0"]
[WhiteCountry "CZE"]
[BlackCountry "ENG"]
[WhiteElo "1691"]
[WhiteRD "57"]
[BlackElo "1592"]
[BlackRD "62"]
[GameID "373780"]

1. e4 e5 2. f4 d6 3. Nf3 Bg4 4. Bc4 Bxf3 5. Qxf3 Nf6 6. O-O Be7 7. fxe5 dxe5 8. Qb3 Bc5+ 9. Kh1 Qe7 10. Qxb7 O-O
11. Qxa8 Nbd7 12. Qc6 Nb6 13. Qb5 Nxe4 14. g3 Nxc4 15. Qxc4 Nf6 16. d3 h6 17. a3 Rd8 18. b4 Bb6 19. Bb2 Rd7 20. Nd2 Ng4
21. Qxg4 Bd4 22. Bxd4 Rxd4 23. Qc8+ Kh7 24. Ne4 f6 25. Rf3 Rd8 26. Qa6 Ra8 27. Raf1 Qd7 28. Nc5 Qc8 29. Qc4 a5 30. Qe4+ Kg8
31. Qg6 axb4 32. axb4 Ra2 33. Rxf6 Qa8+ 34. Kg1 Rxc2 35. Ne4 Qd8 36. Rf7 Qd4+ 37. Kh1 Qxb4 38. Qxg7#
1-0

[Event "Lions Cup Helsinki"]
[Site "SchemingMind.com"]
[Date "2015.01.27"]
[Round "-"]
[White "Chessibelle"]
[Black "Clive Everill"]
[Result "0-1"]
[WhiteCountry "ENG"]
[BlackCountry "CZE"]
[WhiteElo "1198"]
[WhiteRD "57"]
[BlackElo "1676"]
[BlackRD "55"]
[GameID "373781"]

1. Nf3 d5 2. d4 Nc6 3. e3 Bg4 4. Be2 e6 5. Nc3 Bb4 6. Bd2 Nf6 7. O-O Qe7 8. g3 O-O-O 9. a3 Bd6 10. Na2 h5
11. b4 Bxf3 12. Bxf3 h4 13. c3 hxg3 14. fxg3 e5 15. Qb3 e4 16. Bg2 Ng4 17. Qxd5 Bxg3 18. Qf5+ Qd7 19. Qc5 Bxh2+ 20. Kh1 Bd6+
0-1

[Event "Lions Cup Helsinki"]
[Site "SchemingMind.com"]
[Date "2015.01.27"]
[Round "-"]
[White "Clive Everill"]
[Black "Phillip Beckett"]
[Result "1-0"]
[WhiteCountry "CZE"]
[BlackCountry "ENG"]
[WhiteElo "1676"]
[WhiteRD "55"]
[BlackElo "1541"]
[BlackRD "49"]
[GameID "373782"]

1. c4 e5 2. Nc3 Nf6 3. Nf3 Nc6 4. g3 d5 5. cxd5 Nxd5 6. Bg2 Be6 7. O-O f6 8. d4 Nxc3 9. bxc3 exd4 10. cxd4 Qd7
11. e3 O-O-O 12. Bb2 Bd5 13. a4 h5 14. a5 h4 15. Nxh4 Bxg2 16. Kxg2 g5 17. Nf3 Qh3+ 18. Kg1 Bh6 19. Ne1 g4 20. f4 Bxf4
21. Rxf4 Qxh2+ 22. Kf1 Qh1+ 23. Ke2 Rh2+ 24. Rf2 Rxf2+ 25. Kxf2 Ne5 26. Qc2 Qh2+ 27. Ng2 Nf3 28. Qf5+ Kb8 29. Qxg4 Nd2 30. Qh4 Qxh4
31. gxh4 Ne4+ 32. Kf3 Nd2+ 33. Kf4 Rg8 34. Ne1 Rg1 35. Nc2 Rxa1 36. Bxa1 b6 37. axb6 Nf1 38. h5
1-0

[Event "Lions Cup Helsinki"]
[Site "SchemingMind.com"]
[Date "2015.01.27"]
[Round "-"]
[White "Beefmaster"]
[Black "Clive Everill"]
[Result "0-1"]
[WhiteCountry "USA"]
[BlackCountry "CZE"]
[WhiteElo "1625"]
[WhiteRD "107"]
[BlackElo "1676"]
[BlackRD "55"]
[GameID "373783"]

1. e4 e5 2. Nf3 Nf6 3. Nc3 Nc6 4. Bd3 Bc5 5. a3 Ng4 6. b4 Bxf2+ 7. Kf1 Bb6 8. b5 Na5 9. Nd5 Nf2 10. Qe2 Nxh1
11. Nxe5 O-O 12. Nxb6 axb6 13. Kg1 Qf6 14. Bb2 Qg5 15. Nf3 Qg4 16. Kxh1 d6 17. e5 Re8 18. Qf2 c5 19. exd6 c4 20. Be2 Qe4
21. d3 Qxe2 22. Qxe2 Rxe2 23. Nd4 Re8 24. Nf3 cxd3 25. cxd3 Bf5 26. d4 Nc4 27. Bc3 Rxa3 28. Rc1 Bg4 29. Bb4 Rd3 30. Rxc4 Bxf3
31. gxf3 Rd8 32. Rc7 Rxd4 33. Ba3 Rd5 34. Rxb7 Rxb5 35. d7 Rd5 36. Be7 R5xd7 37. Rxb6 Rxe7 38. Kg2 g5 39. Kg3 Rd1 40. Kg4 Re5
41. h3 Rg1+ 42. Kh5 Kg7 43. Rb4 g4+
0-1

[Event "Lions Cup Helsinki"]
[Site "SchemingMind.com"]
[Date "2015.01.27"]
[Round "-"]
[White "Clive Everill"]
[Black "ray winteringham"]
[Result "1-0"]
[WhiteCountry "CZE"]
[BlackCountry "ENG"]
[WhiteElo "1676"]
[WhiteRD "55"]
[BlackElo "1486"]
[BlackRD "52"]
[GameID "373784"]

1. Nf3 Nc6 2. d4 d5 3. c4 e6 4. Nc3 Bb4 5. e3 Nge7 6. Bd2 Bxc3 7. Bxc3 h6 8. Qb3 b6 9. cxd5 exd5 10. Bb5 O-O
11. O-O Bb7 12. Rfe1 a6 13. Bd3 a5 14. Qc2 g6 15. a3 Ba6 16. Bxa6 Rxa6 17. e4 Ra8 18. e5 Kg7 19. h3 Qd7 20. Re2 Qe6
21. Rae1 Rae8 22. b4 Ra8 23. b5 Nd8 24. a4 c6 25. bxc6 Ndxc6 26. Nh2 Nf5 27. Qd2 h5 28. Nf3 Rae8 29. Ng5 Qc8 30. f4 f6
31. exf6+ Kh8 32. Rxe8 Rxe8 33. Rxe8+ Qxe8 34. Kf2 Nd8 35. g4 Nd6 36. Qc2 hxg4 37. hxg4 Ne4+ 38. Nxe4 dxe4 39. Ke3 Nf7 40. Qh2+ Kg8
41. f5 Ng5 42. Qh6
1-0

[Event "Lions Cup Helsinki"]
[Site "SchemingMind.com"]
[Date "2015.01.27"]
[Round "-"]
[White "andrew.ritzmann"]
[Black "Clive Everill"]
[Result "0-1"]
[WhiteCountry "USA"]
[BlackCountry "CZE"]
[WhiteElo "1204"]
[WhiteRD "103"]
[BlackElo "1691"]
[BlackRD "57"]
[GameID "373785"]

1. d4 d5 2. c4 e6 3. Nc3 c6 4. Nf3 dxc4 5. e3 b5 6. g3 Bb7 7. Bg2 Nf6 8. O-O Be7 9. Ne5 O-O 10. Qf3 Nd5
11. Bd2 Qc7 12. e4 Nxc3 13. Bxc3 f6 14. Ng4 Nd7 15. Qe2 a5 16. e5 f5 17. Ne3 c5 18. dxc5 Bxg2 19. Kxg2 Nxc5 20. Rad1 b4
21. Bd4 Nd3 22. b3 Nc5 23. bxc4 b3 24. Bxc5 Bxc5 25. axb3 Qxe5 26. f4 Qxe3 27. Qxe3 Bxe3 28. Kf3 Bc5 29. Rfe1 Rfe8 30. h4 Rab8
31. Rd3 g6 32. Red1 e5 33. fxe5 Rxe5 34. Rd8+ Rxd8 35. Rxd8+ Kg7 36. Kf4 Re4+ 37. Kg5 Be3#
0-1

[Event "Lions Cup Helsinki"]
[Site "SchemingMind.com"]
[Date "2015.01.29"]
[Round "-"]
[White "Paul7926"]
[Black "Phillip Beckett"]
[Result "1/2-1/2"]
[WhiteCountry "ENG"]
[BlackCountry "ENG"]
[WhiteElo "1363"]
[WhiteRD "76"]
[BlackElo "1566"]
[BlackRD "46"]
[GameID "373863"]

1. d4 d5 2. c4 e6 3. Nf3 Nf6 4. Nc3 Be7 5. Bg5 h6 6. Bh4 O-O 7. e3 Ne4 8. Nxe4 Bxh4 9. Nxh4 Qxh4 10. Ng3 c6
11. Qh5 Qxh5 12. Nxh5 Nd7 13. Bd3 dxc4 14. Bxc4 e5 15. O-O exd4 16. exd4 Nb6 17. Bb3 Bg4 18. Nf4 Rfe8 19. Ng6 Be6 20. Bxe6 Rxe6
21. Nf4 Re7 22. Rad1 Rae8 23. g3 Nd5 24. Nxd5 cxd5 25. Rc1 Re2 26. Rb1 Rd2 27. Rfd1 Ree2 28. Rxd2 Rxd2 29. Kg2 Rxd4 30. h4 f5
31. f4 Kf7 32. Kh3 h5 33. a3 Rd2 34. b4 d4 35. Rc1 Rd3 36. Rc7+ Kg6 37. Rxb7 Rxa3 38. b5 d3 39. Rd7 Rb3 40. Rxa7 d2
41. Ra6+ Kh7 42. Rd6 Rxb5 43. Rxd2 Kh6=
1/2-1/2

[Event "Lions Cup Helsinki"]
[Site "SchemingMind.com"]
[Date "2015.01.30"]
[Round "-"]
[White "Goz"]
[Black "Paul7926"]
[Result "1-0"]
[WhiteCountry "ENG"]
[BlackCountry "ENG"]
[WhiteElo "1592"]
[WhiteRD "62"]
[BlackElo "1363"]
[BlackRD "76"]
[GameID "373864"]

1. d4 d5 2. e3 Nf6 3. h3 Ne4 4. Bd3 Nc6 5. Bxe4 dxe4 6. Nc3 f5 7. Nge2 Be6 8. Na4 Qd6 9. Nc5 O-O-O 10. Nf4 Bc4
11. b3 Bb5 12. c4 Ba6 13. Nce6 Re8 14. d5 g5 15. Nh5 Nd8 16. Bb2 Rg8 17. Nhg7 Bxg7 18. Nxg7 Ref8 19. a3 f4 20. Qg4+ Kb8
21. Nf5 Qg6 22. Nxe7 Qb6 23. Qc8#
1-0

[Event "Lions Cup Helsinki"]
[Site "SchemingMind.com"]
[Date "2015.01.29"]
[Round "-"]
[White "Beefmaster"]
[Black "Paul7926"]
[Result "1-0"]
[WhiteCountry "USA"]
[BlackCountry "ENG"]
[WhiteElo "1659"]
[WhiteRD "83"]
[BlackElo "1363"]
[BlackRD "76"]
[GameID "373865"]

1. d4 d5 2. Nc3 Nf6 3. Nf3 g6 4. Bf4 Bg7 5. e3 O-O 6. Bd3 Nc6 7. Nb5 Ne8 8. O-O Bg4 9. a4 Nb4 10. Qd2 Nxd3
11. Qxd3 c6 12. Nc3 Nd6 13. Ne5 Ne4 14. Nxe4 dxe4 15. Qxe4 Bf5 16. Qf3 Bxc2 17. a5 Bxe5 18. Bxe5 f6 19. Bf4 a6 20. Bh6 Rf7
21. b4 Bd3 22. Rfd1 Bc4 23. e4 Qd6 24. Rab1 Rd8 25. h3 Qe6 26. Rbc1 Bb3 27. Rd3 Bc4 28. Rd2 g5 29. Rcd1 f5 30. Bxg5 fxe4
31. Qg3 Rg7 32. Qf4 Bb3 33. Re1 Bd5 34. Qc7 Qd7 35. Qe5 Rf8 36. Bh6 Rg6 37. Bxf8 Kxf8 38. Qh8+ Rg8 39. Qxh7 Rg7 40. Qh6 Qf5
41. Re3 Kf7 42. Rg3 Rxg3 43. fxg3 e6 44. Rf2 Qxf2+ 45. Kxf2
1-0

[Event "Lions Cup Helsinki"]
[Site "SchemingMind.com"]
[Date "2015.01.29"]
[Round "-"]
[White "Paul7926"]
[Black "ray winteringham"]
[Result "0-1"]
[WhiteCountry "ENG"]
[BlackCountry "ENG"]
[WhiteElo "1363"]
[WhiteRD "76"]
[BlackElo "1540"]
[BlackRD "50"]
[GameID "373866"]

1. d4 g6 2. e4 Bg7 3. Nf3 d6 4. Nc3 Bg4 5. Be2 Nf6 6. O-O Nc6 7. Be3 O-O 8. a3 a5 9. e5 dxe5 10. dxe5 Nd7
11. e6 Bxe6 12. Qd2 Nb6 13. Rfd1 Qxd2 14. Rxd2 Bxc3 15. bxc3 Na4 16. Rd3 Bc4 17. Rd2 Bxe2 18. Rxe2 Nxc3 19. Rd2 Ne4 20. Rd7 Rac8
21. Rad1 Nc3 22. R1d3 Nb5 23. a4 Nd6 24. Bf4 Rfe8 25. Ng5 Nb4 26. Rd4 Nxc2 27. Rd2 Na3 28. Bxd6 cxd6 29. Rxb7 Rc1+
0-1

[Event "Lions Cup Helsinki"]
[Site "SchemingMind.com"]
[Date "2015.01.29"]
[Round "-"]
[White "Paul7926"]
[Black "Chessibelle"]
[Result "1-0"]
[WhiteCountry "ENG"]
[BlackCountry "ENG"]
[WhiteElo "1430"]
[WhiteRD "82"]
[BlackElo "1198"]
[BlackRD "57"]
[GameID "373867"]

1. d4 d5 2. c4 Nf6 3. Nf3 Nc6 4. cxd5 Nxd5 5. e4 Nf6 6. Nc3 e6 7. Bc4 h6 8. e5 Nd7 9. Be3 Bb4 10. O-O Be7
11. d5 Nb4 12. a3 Na6 13. Ne4 O-O 14. Qc2 b6 15. Rfd1 f6 16. dxe6 Nxe5 17. Rxd8
1-0